00950nam a22001817a 4500003000900000008004100009040007100050082002100121100003400142245015200176260005400328300002900382505020800411650003100619650003500650650004100685650004200726AR-CdUCM190307b ||||| |||| 00| 0 spa d aMUNICIPALIDAD PROVINCIAL DEL CUSCOcBIBLIOTECA MUNICIPAL DEL CUSCO a985.004 / bAP64 aAparicio Rodríguez, José  aInterpretación de la realidad peruana, de la prensa y de la educación en el marco del siglo XXI : by propuesta de reforma de la educación /  aCusco : b[Gustavo impresiones E.I.R.L.], c2017. a240 Páginas ; c20 cm. aContenido: Realidad nacional peruana en el siglo XXI -- Realidad actual de la prensa peruana -- Realidad de la educación peruana en el siglo XXI -- Propuesta de la reforma de la educación peruana ... aRealidad peruana - Ensayos aEducación - Perú - Ensayos aReforma educativa - Perú - Ensayos aLibertad de prensa - Perú - Ensayos